Statistics for Times Tables - 12x

Click here to take the quiz!

General Stats

  • This quiz has been taken 153 times
  • The average score is 12 of 12

Answer Stats

EquationAnswer% Correct
1x1212
100%
2x1224
99%
3x1236
98%
4x1248
98%
5x1260
98%
6x1272
98%
7x1284
96%
8x1296
96%
9x12108
95%
10x12120
95%
11x12132
94%
12x12144
94%

Score Distribution

Percentile by Number Answered

Percent of People with Each Score

Your Score History

You have not taken this quiz